000 00628nam a22002297a 4500
003 UA-OsUOA
001 91093
007 ta
008 20121122b un ||||| |||| 00| 0 ukr d
100 _aРибак Н.
090 _a821.161.2
_bР49
942 _cBK
040 _aUA-OsUOA
_bukr
_cUA-OsUOA
_dUA-OsUOA
245 _aТвори в п'яти томах
_bТ. 1
_cДніпро. Оповідання
300 _a491 с.
955 _a3
041 _aukr
080 _a821.161.2
260 _aК.
_bДніпро
_c1963
650 7 _a82 Література. Літературознавство
_2UDC
999 _c377357
_d377357